Honba na srdcovocievne ochorenia v Slovenskej republike farmaceutická spoločnosť Bristol-Myers Squibb sa prezentuje inšpiratívnou novinkou - Programom Vita Longa

Bibliographic Details
Main Author: Zárecký, Ľudovít (Author)
Format: Article
Language:Slovak
Subjects:

MARC

LEADER 00000nab a2200000 a 4500
001 vtls000657806
003 SK-MaSNL
005 20260302183222.0
008 140302c1998 xo 0 slo
015 |a SNBRB1998/04-08730 
035 |a CLN000009998 
040 |a SNKBUCL  |b slo  |c SNKBUCL  |e AACR2 
041 0 |a slo 
044 |a xo  |c SK 
080 |a 616.12-005.4:615.22  |2 1997 
080 |a 615.22  |2 1997 
080 |a 661.12  |2 1997 
100 1 |a Zárecký, Ľudovít  |4 aut  |9 267836 
245 1 0 |a Honba na srdcovocievne ochorenia v Slovenskej republike  |b farmaceutická spoločnosť Bristol-Myers Squibb sa prezentuje inšpiratívnou novinkou - Programom Vita Longa  |c Ľudovít Zárecký 
610 7 |a Bristol-Myers Squibb  |x Vita Longa (program)  |2 snkbucl  |9 896512 
650 0 7 |a srdce  |x choroba ischemická  |x Vita Longa (program)  |z Slovensko  |2 snkbucl  |9 896513 
655 7 |a články z novín a časopisov  |2 snkbucl  |9 267496 
773 0 |t Zdravotnícke noviny  |g Roč. 3, č. 15 (1998), s. 5 
850 |a Slovenská národná knižnica v Martine 
852 |a SNK  |b KIS3GCP 
992 |a RBX 
999 |c 1420913  |d 1422843